Analyze of similarities and differences between syllabuses from diferent course of quality management

Porovnanie syláb predmetov z vybraných slovenských, českých, poľských a amerických univerzít. Ich podobnosti a rozdiely.

Salvato in:
Dettagli Bibliografici
Autore principale: Pudło, Patrycja
Natura: Capitolo di libro
Lingua:inglese
Soggetti:
Tags: Aggiungi Tag
Nessun Tag, puoi essere il primo ad aggiungerne!!

MARC

LEADER 00000nla a2200000 4500
001 0183623
005 20240502073137.7
041 0 |a eng 
044 |a SK 
245 1 0 |a Analyze of similarities and differences between syllabuses from diferent course of quality management  |c Patrycja Pudło 
520 |a Porovnanie syláb predmetov z vybraných slovenských, českých, poľských a amerických univerzít. Ich podobnosti a rozdiely. 
610 2 0 |a manažment 
610 2 0 |a výučba vedecká 
610 2 0 |a porovnanie medzinárodné 
610 2 0 |a Poľsko 
610 2 0 |a Slovensko 
610 2 0 |a Česko 
610 2 0 |a USA 
100 1 |a Pudło, Patrycja